Представление документа в формате MARC21

Поле Инд. ПП Название Значение
Тип записи a
Библиографический уровень b
001 Контрольный номер RU/IS/BASE/103738345
005 Дата корректировки 20200522190756.5
084 a Индекс другой классификации/Индекс ББК 65.261.411.15; 65.292.31
100 1_ a Автор Ковалева Е.
q Полное имя Ковалева Елизавета
245 a Заглавие Не вдохновляющая простота
504 a Библиография Библиогр. сноски
520 a Аннотация Старая и новая редакции федеральных законов об упрощенном режиме налогообложения на весах экономических интересов субъектов малого предпринимательства, действующих в сфере науки и научного обслуживания
650 a Основная рубрика налоговая система
a Основная рубрика финансы
a Основная рубрика экономика
a Основная рубрика экономика предприятия
a Основная рубрика государственные финансы
653 a Ключевые слова бухгалтерский учет
a Ключевые слова малое предпринимательство
a Ключевые слова малые научные предприятия
a Ключевые слова налоговая отчетность
a Ключевые слова налоговое законодательство
a Ключевые слова налоговые правонарушения
a Ключевые слова налогообложение предприятий
a Ключевые слова научные предприятия
a Ключевые слова план счетов
a Ключевые слова Россия
a Ключевые слова упрощенная система налогообложения
a Ключевые слова учетная документация
773 t Заглавие источника РИСК: ресурсы, информация, снабжение, конкуренция
d Дата издания источника 2003
g Прочая информация № 1. - С. 72 - 77 : табл., схем.
w Контрольный № источника RU/IS/BASE/102175616
901 t Тип документа b